[Event "Mistrzostwa Polski Niewidomych i Slabowi"]
[Site "Wagrowiec"]
[Date "2016.??.??"]
[Round "10.3"]
[White "Zoltek, Tadeusz"]
[Black "Dukaczewski, Piotr"]
[Result "0-1"]
[WhiteElo "2100"]
[BlackElo "2254"]
[PlyCount "42"]
[EventDate "2016.??.??"]

1. Nf3 d5 2. d4 Nf6 3. c4 dxc4 4. e3 e6 5. Bxc4 c5 6. O-O a6 7. a4 Nc6 8. Qe2
Be7 9. Rd1 cxd4 10. Nxd4 Nxd4 11. Rxd4 Qc7 12. Nc3 O-O 13. Rd1 Bd7 14. Bd3 Rac8
15. e4 Bd6 16. g3 Be5 17. Bd2 Rfd8 18. Rac1 Qb6 19. Be3 Qb4 20. Bg5 Bxa4 21.
Nxa4 Qxa4 0-1

[Event "Mistrzostwa Polski Niewidomych i Slabowi"]
[Site "Wagrowiec"]
[Date "2016.??.??"]
[Round "10.4"]
[White "Barnowski, Sylwester"]
[Black "Falkowski, Dawid"]
[Result "1/2-1/2"]
[WhiteElo "1904"]
[BlackElo "2059"]
[PlyCount "123"]
[EventDate "2016.??.??"]

1. d4 Nf6 2. f4 c5 3. e3 g6 4. c3 d5 5. Bd3 Bg7 6. h3 Nc6 7. Nf3 O-O 8. O-O b6
9. Nbd2 Bb7 10. Ne5 Qc7 11. Qe1 Nd7 12. Nxd7 Qxd7 13. g4 f6 14. f5 g5 15. Qg3
Rad8 16. Nf3 Qd6 17. Qf2 Kf7 18. Bd2 Rh8 19. Kg2 h5 20. Rh1 hxg4 21. hxg4 Rdf8
22. Qg3 Qxg3+ 23. Kxg3 e5 24. fxe6+ Kxe6 25. Kg2 Ne7 26. Raf1 Nc8 27. Bf5+ Kd6
28. Be1 Kc7 29. Bg3+ Nd6 30. Bxd6+ Kxd6 31. Rxh8 Rxh8 32. Rh1 Rxh1 33. Kxh1 a5
34. Kg2 Bf8 35. Nd2 b5 36. Nb3 c4 37. Nxa5 Kc7 38. Nxb7 Kxb7 39. Bd7 Kb6 40.
Kf3 b4 41. cxb4 Bxb4 42. Ke2 Kc7 43. Bf5 Kd6 44. e4 c3 45. bxc3 Bxc3 46. Kd3
Ba5 47. exd5 Kxd5 48. Be4+ Kd6 49. Kc4 Bb6 50. Bf5 Kc6 51. d5+ Kd6 52. Be6 Kc7
53. Kb5 Be3 54. a4 Bf2 55. a5 Bg1 56. Ka6 Bh2 57. Kb5 Bg1 58. a6 Kd6 59. Kc4
Bf2 60. Kd3 Ke5 61. Kc4 Kd6 62. Kb5 1/2-1/2

[Event "Mistrzostwa Polski Niewidomych i Slabowi"]
[Site "Wagrowiec"]
[Date "2016.??.??"]
[Round "10.5"]
[White "Stachanczyk, Jacek"]
[Black "Kulpinski, Piotr"]
[Result "1-0"]
[WhiteElo "2202"]
[BlackElo "1930"]
[PlyCount "49"]
[EventDate "2016.??.??"]

1. c4 c6 2. g3 Nf6 3. Bg2 d5 4. Nf3 Bg4 5. Ne5 Bh5 6. cxd5 Nxd5 7. Nc3 Nd7 8.
Nc4 e6 9. O-O Be7 10. d4 O-O 11. Qd2 N7b6 12. Ne5 f6 13. Nf3 Bg6 14. Re1 Nc4
15. Qd1 Bb4 16. Bd2 Nxd2 17. Qxd2 Qa5 18. Rec1 Nxc3 19. bxc3 Ba3 20. Re1 Rad8
21. e4 e5 22. Qc2 exd4 23. Nxd4 Rfe8 24. Bf3 Rd5 25. Qb3 1-0

[Event "Mistrzostwa Polski Niewidomych i Slabowi"]
[Site "Wagrowiec"]
[Date "2016.??.??"]
[Round "10.6"]
[White "Debowska, Teresa"]
[Black "Zarow, Zdzislaw"]
[Result "0-1"]
[WhiteElo "1820"]
[BlackElo "1862"]
[PlyCount "90"]
[EventDate "2016.??.??"]

1. d4 Nf6 2. Nf3 d5 3. g3 Nc6 4. Bg2 Bg4 5. O-O Qd7 6. Ne5 Qf5 7. Nxg4 Qxg4 8.
Bf4 O-O-O 9. c3 g5 10. h3 Qh5 11. g4 Qg6 12. Bg3 h5 13. Qd3 Qxd3 14. exd3 hxg4
15. hxg4 Nxg4 16. Nd2 f5 17. f4 Ne3 18. Rf2 Nxg2 19. Kxg2 g4 20. Nb3 b6 21. a4
a5 22. Re2 Bg7 23. Rae1 Rd6 24. Re6 Kd7 25. Rxd6+ Kxd6 26. Bf2 Rh3 27. Re3 Rh8
28. Re2 Bh6 29. Be3 Nd8 30. c4 Ne6 31. c5+ Kd7 32. Kg3 Bxf4+ 33. Kf2 Rh2+ 34.
Kf1 Rxe2 35. Kxe2 Bxe3 36. Kxe3 f4+ 37. Kf2 Kc6 38. cxb6 cxb6 39. Kg2 Kb7 40.
Kf2 Ka6 41. Kg2 Nd8 42. Nd2 Nc6 43. Nb3 Nb4 44. Nc1 Nc2 45. Nb3 Ne1+ 0-1

[Event "Mistrzostwa Polski Niewidomych i Slabowi"]
[Site "Wagrowiec"]
[Date "2016.??.??"]
[Round "11.5"]
[White "Suder, Ryszard"]
[Black "Zoltek, Tadeusz"]
[Result "1/2-1/2"]
[WhiteElo "2138"]
[BlackElo "2100"]
[PlyCount "61"]
[EventDate "2016.??.??"]

1. Nf3 Nf6 2. g3 d5 3. Bg2 e6 4. d4 Be7 5. c4 O-O 6. O-O c6 7. Nbd2 b6 8. Qc2
Bb7 9. e4 Nbd7 10. Re1 dxe4 11. Nxe4 Nxe4 12. Qxe4 Nf6 13. Qc2 c5 14. dxc5 Bxc5
15. Bg5 h6 16. Rad1 Qe7 17. Bxf6 Qxf6 18. Ne5 Bxg2 19. Kxg2 Rfd8 20. Nd7 Qe7
21. Nxc5 Qxc5 22. Qe4 Qc7 23. b3 Rac8 24. Qf3 Qe7 25. Rxd8+ Rxd8 26. Rd1 Rxd1
27. Qxd1 Qa3 28. Qd8+ Kh7 29. Qd3+ g6 30. Qd2 Kg8 31. h4 1/2-1/2

[Event "Mistrzostwa Polski Niewidomych i Slabowi"]
[Site "Wagrowiec"]
[Date "2016.??.??"]
[Round "11.6"]
[White "Pawelec, Bartosz"]
[Black "Czajkowski, Adam"]
[Result "1/2-1/2"]
[WhiteElo "2115"]
[BlackElo "2082"]
[PlyCount "83"]
[EventDate "2016.??.??"]

1. e4 c5 2. c3 d6 3. d4 Nf6 4. Bd3 Qc7 5. f4 e5 6. fxe5 dxe5 7. d5 Nbd7 8. c4
g6 9. Nf3 Bg7 10. O-O O-O 11. Nc3 a6 12. Bg5 h6 13. Bd2 Ne8 14. Nh4 Ndf6 15.
Qe1 Qe7 16. a4 Nh5 17. a5 Nf4 18. Bc2 Nd6 19. b3 Bd7 20. Be3 g5 21. Nf3 Rac8
22. Na4 Bxa4 23. Rxa4 f5 24. Nd2 fxe4 25. Nxe4 Nxe4 26. Bxe4 Rf6 27. Ra2 Bf8
28. Qg3 Qg7 29. Raf2 Bd6 30. Qg4 Rcf8 31. g3 h5 32. Qd1 Nh3+ 33. Kg2 Nxf2 34.
Rxf2 g4 35. Qd2 Rxf2+ 36. Bxf2 Qf6 37. Qe2 Kf7 38. b4 Rc8 39. b5 axb5 40. cxb5
c4 41. a6 bxa6 42. bxa6 1/2-1/2